| 000 | 00840nam a22002417a 4500 | ||
|---|---|---|---|
| 999 |
_c11912 _d11912 |
||
| 003 | AR-CdUCM | ||
| 008 | 190405b ||||| |||| 00| 0 spa d | ||
| 040 |
_aMUNICIPALIDAD PROVINCIAL DEL CUSCO _cBIBLIOTECA MUNICIPAL DEL CUSCO |
||
| 082 |
_aEP / 372 / _bC75 |
||
| 245 |
_aColorin Colorado aprendiendo a ser niño productor : _bAhora producimos mejor para vivir bien / |
||
| 260 |
_aCusco : _bFundación Suyana, _bDanny´s Graff, _c2015. |
||
| 300 |
_a24 paginas ; _bIlustraciones, graficos, dibujos, _c28 cm. |
||
| 500 | _aTexto educativo | ||
| 650 |
_aLiteratura _983 |
||
| 650 |
_aTextos educativos _910256 |
||
| 650 |
_aProductor _929521 |
||
| 650 |
_aNiño _922056 |
||
| 700 |
_aKuhn, Ursula _929522 |
||
| 700 |
_aAragon de la torre, Alberto _929523 |
||
| 856 | _fwww.suyana.org | ||
| 942 |
_2ddc _cLIBROS |
||
| 945 |
_apjha _d2019-04-05 |
||